[Event "Oberliga Bayern 1920"]
[Site "Bayern"]
[Date "2020.02.09"]
[Round "6.5"]
[White "Hitzler, Philipp"]
[Black "Oberhofer, Cedric"]
[Result "1/2-1/2"]
[WhiteElo "2207"]
[BlackElo "2220"]
[PlyCount "89"]
[EventDate "2019.10.20"]
[EventType "team-tourn"]
[EventRounds "9"]
[EventCountry "GER"]
[SourceTitle "EXT 2022"]
[Source "ChessBase"]
[SourceDate "2021.10.06"]
[SourceVersion "1"]
[SourceVersionDate "2021.10.06"]
[SourceQuality "1"]
[WhiteTeam "Regensburg Post/Sued"]
[BlackTeam "Regensburg Bavaria"]
[WhiteTeamCountry "GER"]
[BlackTeamCountry "GER"]

1. d4 Nf6 2. Nf3 g6 3. g3 Bg7 4. Bg2 0-0 5. 0-0 c5 6. d5 d6 7. a4 Na6 8. Nfd2 Nc7 9. Nc4 b6 10. e4 Ba6 11. Nba3 Qe8 12. c3 b5 13. axb5 Nxb5 14. Qa4 Nxa3 15. Qxa6 Nxc4 16. Qxc4 Nd7 17. f4 Qd8 18. Ra6 Nb6 19. Qa2 Qd7 20. Be3 Qb5 21. Ra1 Qd3 22. Bf2 Rfb8 23. e5 Nc8 24. Qb1 Qd2 25. R6a2 Rb6 26. Qd1 Qxd1+ 27. Rxd1 Rb3 28. Rd2 Rab8 29. Bf1 dxe5 30. fxe5 Bxe5 31. Bxc5 Nd6 32. Be3 a5 33. Rc2 Kg7 34. Bc1 Ra8 35. Ra4 f5 36. Kg2 Ne4 37. Be2 Nc5 38. Rc4 Nd7 39. Rc6 Bd6 40. Ra6 Rxa6 41. Bxa6 a4 42. Be2 Bc5 43. g4 Nb6 44. gxf5 gxf5 45. h4 1/2-1/2

[Event "GER CupT 1920 prel2"]
[Site "Liebschwitz"]
[Date "2020.01.11"]
[Round "1.4"]
[White "Walter, Guenter"]
[Black "Oberhofer, Cedric"]
[Result "0-1"]
[WhiteElo "2148"]
[BlackElo "2252"]
[PlyCount "40"]
[EventDate "2020.01.11"]
[EventType "team-k.o."]
[EventRounds "2"]
[EventCountry "GER"]
[SourceTitle "EXT 2021"]
[Source "ChessBase"]
[SourceDate "2020.10.23"]
[SourceVersion "1"]
[SourceVersionDate "2020.10.23"]
[SourceQuality "1"]
[WhiteTeam "Brandenburg"]
[BlackTeam "Regensburg Bavaria"]
[WhiteTeamCountry "GER"]
[BlackTeamCountry "GER"]

1. e4 c5 2. b3 d6 3. Bb5+ Nd7 4. Nf3 Ngf6 5. e5 dxe5 6. Nxe5 a6 7. Bxd7+ Nxd7 8. Bb2 Nxe5 9. Bxe5 Qd5 10. d4 Qxg2 11. Kd2 Qxf2+ 12. Kc3 f6 13. Bg3 Qxd4+ 14. Qxd4 cxd4+ 15. Kxd4 e5+ 16. Ke4 Bh3 17. Rd1 Bg2+ 18. Kf5 Kf7 19. Bf2 Bf3 20. Rd7+ Be7 0-1

[Event "GER-ch U25-A"]
[Site "Willingen"]
[Date "2019.06.12"]
[Round "5"]
[White "Oberhofer, Cedric"]
[Black "Parvanyan, Alfred"]
[Result "1-0"]
[WhiteElo "2243"]
[BlackElo "2066"]
[PlyCount "69"]
[EventDate "2019.06.08"]
[EventType "swiss"]
[EventRounds "9"]
[EventCountry "GER"]
[SourceTitle "CBM 191 Extra"]
[Source "ChessBase"]
[SourceDate "2019.09.30"]
[SourceVersion "1"]
[SourceVersionDate "2019.09.30"]
[SourceQuality "1"]

1. d4 Nf6 2. c4 g6 3. Nf3 Bg7 4. g3 0-0 5. Bg2 d6 6. 0-0 c6 7. Nc3 Nbd7 8. e4 e5 9. h3 Re8 10. Be3 exd4 11. Nxd4 Nb6 12. b3 Nfd7 13. Rc1 Nc5 14. Qc2 a5 15. Rfd1 Qe7 16. Rd2 Nbd7 17. Re1 Nf8 18. f4 Nfe6 19. Nde2 Nc7 20. Nd4 h5 21. Bf2 h4 22. g4 N7e6 23. Nf5 gxf5 24. exf5 Qf6 25. Bd4 Nxd4 26. Rxe8+ Kh7 27. Qd1 Nf3+ 28. Bxf3 Qxc3 29. Qe1 Bd4+ 30. Kg2 Bf6 31. g5 Bxg5 32. fxg5 Kg7 33. f6+ Kg6 34. Rg8+ Kf5 35. Bg4+ 1-0

[Event "GER-ch U25-A"]
[Site "Willingen"]
[Date "2019.06.11"]
[Round "4"]
[White "Gerlach, Felix Tobias"]
[Black "Oberhofer, Cedric"]
[Result "0-1"]
[WhiteElo "2079"]
[BlackElo "2243"]
[PlyCount "76"]
[EventDate "2019.06.08"]
[EventType "swiss"]
[EventRounds "9"]
[EventCountry "GER"]
[SourceTitle "CBM 191 Extra"]
[Source "ChessBase"]
[SourceDate "2019.09.30"]
[SourceVersion "1"]
[SourceVersionDate "2019.09.30"]
[SourceQuality "1"]

1. c4 e5 2. g3 Nf6 3. Bg2 d5 4. cxd5 Nxd5 5. Nc3 Nb6 6. Nf3 Nc6 7. 0-0 Be7 8. a3 Be6 9. b4 a5 10. b5 Nd4 11. Rb1 f6 12. Nxd4 exd4 13. Na4 Bd5 14. Nxb6 cxb6 15. e4 Ba2 16. Ra1 Be6 17. Bb2 Qd7 18. Qa4 Bc5 19. d3 0-0 20. Rae1 Qf7 21. Qd1 Bb3 22. Qb1 Rae8 23. Kh1 a4 24. Bh3 Re7 25. Qa1 Bc2 26. f3 Bxd3 27. Rf2 Rd8 28. Rd2 Qb3 29. Red1 Bxb5 30. Bxd4 Bxd4 31. Rxd4 Rxd4 32. Qxd4 Be2 33. Qd5+ Qxd5 34. Rxd5 Bxf3+ 35. Bg2 Bxe4 36. Bxe4 Rxe4 37. Rb5 Re3 38. Rxb6 Rb3 0-1

[Event "GER-ch U25-A"]
[Site "Willingen"]
[Date "2019.06.10"]
[Round "3"]
[White "Oberhofer, Cedric"]
[Black "Helmer, Jan"]
[Result "1-0"]
[WhiteElo "2243"]
[BlackElo "1900"]
[PlyCount "43"]
[EventDate "2019.06.08"]
[EventType "swiss"]
[EventRounds "9"]
[EventCountry "GER"]
[SourceTitle "CBM 191 Extra"]
[Source "ChessBase"]
[SourceDate "2019.09.30"]
[SourceVersion "1"]
[SourceVersionDate "2019.09.30"]
[SourceQuality "1"]

1. e4 e6 2. d3 d5 3. Nd2 Nf6 4. Ngf3 c5 5. g3 Nc6 6. Bg2 Be7 7. 0-0 0-0 8. e5 Nd7 9. Re1 f6 10. exf6 Nxf6 11. Nf1 Bd6 12. c4 dxc4 13. dxc4 e5 14. Bg5 Qc7 15. Ne3 Be6 16. Nh4 Ne7 17. Qe2 h6 18. Bxf6 gxf6 19. Qh5 Kg7 20. Be4 Qc8 21. Rad1 Bc7 22. Nef5+ 1-0